How To Talk To Anyone: 92 Little Tricks For Big Success In Relationships (Record no. 43190)
[ view plain ]
| 000 -LEADER | |
|---|---|
| fixed length control field | 00492nam a22001697a 4500 |
| 005 - DATE AND TIME OF LATEST TRANSACTION | |
| control field | 20250104190855.0 |
| 008 - FIXED-LENGTH DATA ELEMENTS--GENERAL INFORMATION | |
| fixed length control field | 250104b |||||||| |||| 00| 0 eng d |
| 020 ## - INTERNATIONAL STANDARD BOOK NUMBER | |
| International Standard Book Number | 9780007272617 |
| 041 ## - LANGUAGE CODE | |
| Language code of text/sound track or separate title | Eng |
| 082 ## - DEWEY DECIMAL CLASSIFICATION NUMBER | |
| Classification number | 302.2 LOW |
| 100 ## - MAIN ENTRY--PERSONAL NAME | |
| Author | Lowndes, Leil |
| 245 ## - TITLE STATEMENT | |
| Title | How To Talk To Anyone: 92 Little Tricks For Big Success In Relationships |
| 260 ## - PUBLICATION, DISTRIBUTION, ETC. | |
| Place | Chicago |
| Publisher | Thorson (Harper Collins) |
| Publication Year | 2017 |
| 300 ## - PHYSICAL DESCRIPTION | |
| Extent | 334;, P. |
| 650 ## - SUBJECT ADDED ENTRY--TOPICAL TERM | |
| Subject | Interpersonal Communication; Body Language |
| 942 ## - ADDED ENTRY ELEMENTS (KOHA) | |
| Koha item type | Books |
| Withdrawn status | Lost status | Source of classification or shelving scheme | Damaged status | Not for loan | Home library | Current library | Shelving location | Accession Date | Vendor | Price | Bill number | Total Checkouts | Total Renewals | Full call number | Barcode No | Date due | Date last seen | Date last checked out | Bill Date | Koha item type |
|---|---|---|---|---|---|---|---|---|---|---|---|---|---|---|---|---|---|---|---|---|
| Dewey Decimal Classification | IMTN | IMTN | Rack 5-A | 12/30/2024 | Raghav Books Pvt. LTD. | 399.00 | 1861 | 5 | 1 | 302.2 LOW | 33592 | 01/21/2026 | 01/11/2026 | 01/11/2026 | 12/14/2024 | Books |